Analýza finančnej situácie podnikateľskej účtovnej jednotky na podklade údajov z účtovnej závierky diplomová práca

Gespeichert in:
Bibliographische Detailangaben
1. Verfasser: Vašková, Anna
Körperschaft: Fakulta hospodárskej informatiky EU. Katedra účtovníctva a audítorstva
Weitere Verfasser: Szász, Marek
Format: Buch
Sprache:Slowakisch
Veröffentlicht: Bratislava 2011
Tags: Tag hinzufügen
Keine Tags, Fügen Sie das erste Tag hinzu!

MARC

LEADER 00000nbm a2200000 4500
001 0132297
005 20161109101805.2
041 0 |a slo 
044 |a SK 
245 1 0 |a Analýza finančnej situácie podnikateľskej účtovnej jednotky na podklade údajov z účtovnej závierky  |b diplomová práca  |c Anna Vašková ; školiteľ: Marek Szász 
264 1 |a Bratislava  |c 2011 
300 |a 75 s. 
100 1 |a Vašková, Anna 
700 1 |a Szász, Marek 
710 2 |a Fakulta hospodárskej informatiky EU. Katedra účtovníctva a audítorstva